| 000 | 00580cam a22002052 4500 | ||
|---|---|---|---|
| 001 | 0000020541 | ||
| 005 | 20151217155229.0 | ||
| 008 | 110921s xx 000 0 eng d | ||
| 020 | _a0421554606 : | ||
| 040 |
_aKABU _cKABU |
||
| 100 | 1 |
_aChilds, Penny. _@0000180896 |
|
| 245 | 1 | 0 |
_aCriminal law / _cPenny Childs. |
| 250 | _a1st ed. | ||
| 260 |
_aLondon : _bSweet & Maxwell, _c1996. |
||
| 300 | _axiv, 165 p. | ||
| 650 | 0 |
_aCriminal law _zGreat Britain. _@0000160360 |
|
| 852 | 1 | _9p750 KES | |
| 908 | _a110921 | ||
| 950 | _@1 | ||
| 999 |
_c12148 _d12148 |
||